000 00228 a2200097 4500
001 27492
100 _aGibbons, G
245 _aAvalanche diode Microwave Oscillators
260 _a
_bClarendon Press
_c1973
090 _c18286
_d18286
942 _aNUST-CAE
_cM
_c9209
999 _c262565
_d262565